| 000 | 00406 a2200145 4500 | ||
|---|---|---|---|
| 999 |
_c4862 _d4862 |
||
| 020 | _a0869227513 | ||
| 050 | _aPL 8681.4 TAT 2000 | ||
| 100 |
_aTatira, Liveson _eauthor |
||
| 245 |
_aZviera zvaVashona / _cLiveson Tatira |
||
| 264 |
_aZimbabwe: _bMambo Press, _c2000 |
||
| 300 | _a34p.: | ||
| 500 | _aIncludes bibliographical references | ||
| 650 |
_aSuperstitions _xshona |
||
| 942 |
_2lcc _cBK _h8681.4 _iTAT _kPL |
||